000 00291nam a22001337a 4500
008 170404b xxu||||| |||| 00| 0 eng d
020 _a9780321634122
041 _aeng
080 _a574
100 _a9
101 _aSHM
245 _aGLOBAL CLIMATE CHANGE
_cKITCHEN.D.E
942 _2udc
_cBK
999 _c9668
_d9668